Countries of Asia That Start with a Vowel Quiz Stats

 Plays Quiz Updated Jul 2, 2019

Score 0/11 Timer 02:00
4 Plays Today
Hint Answer % Correct
IIndia
96.6%
OOman
94.4%
IIndonesia
91.7%
UUzbekistan
89.5%
IIran
88.9%
IIraq
88.6%
AAzerbaijan
83.5%
AAfghanistan
82.4%
AArmenia
80.3%
IIsrael
76.9%
UUnited Arab Emirates
74%

You're not logged in!

Compare scores with friends on all Sporcle quizzes.
OR
Log In

Sporcle TV

Today on Sporcle TV


Watch our educational content, quiz creation guides, and fun videos on Sporcle TV.

Show Comments

Extras

Top Quizzes Today


Score Distribution

Your Account Isn't Verified!

In order to create a playlist on Sporcle, you need to verify the email address you used during registration. Go to your Sporcle Settings to finish the process.

Report this User

Report this user for behavior that violates our Community Guidelines.

Details: